A Ca++-antagonista verapamil hatásai heveny szívizom ischaemiában

Elmentve itt :
Bibliográfiai részletek
Szerzők: Fazekas Tamás
Szekeres László
Dokumentumtípus: Cikk
Megjelent: 1985
Sorozat:KÍSÉRLETES ORVOSTUDOMÁNY 37
Tárgyszavak:
mtmt:2033355
Online Access:http://publicatio.bibl.u-szeged.hu/33083
LEADER 00695nab a2200205 i 4500
001 publ33083
005 20250516135616.0
008 250516s1985 hu o 000 hun d
022 |a 0023-1878 
024 7 |a 2033355  |2 mtmt 
040 |a SZTE Publicatio Repozitórium  |b hun 
041 |a hun 
100 1 |a Fazekas Tamás 
245 1 2 |a A Ca++-antagonista verapamil hatásai heveny szívizom ischaemiában  |h [elektronikus dokumentum] /  |c  Fazekas Tamás 
260 |c 1985 
300 |a 374-380 
490 0 |a KÍSÉRLETES ORVOSTUDOMÁNY  |v 37 
650 4 |a Általános orvostudomány 
700 0 1 |a Szekeres László  |e aut 
856 4 0 |u http://publicatio.bibl.u-szeged.hu/33083/1/aok_klny_338_85.pdf  |z Dokumentum-elérés